20 Middle-Sized Countries by Area - Statistics

General Stats
  • This quiz has been taken 370 times
    368 since last reset
  • The average score is 11 of 20
Answer Stats
Country Rank % Correct
Cambodia 1
66%
Cuba 17
62%
Greece 8
62%
Guatemala 18
62%
South Korea 20
62%
Nicaragua 9
61%
Uruguay 2
60%
Honduras 14
59%
Nepal 6
59%
North Korea 10
58%
Bulgaria 16
54%
Suriname 3
53%
Tunisia 4
52%
Bangladesh 5
46%
Iceland 19
46%
Eritrea 12
44%
Tajikistan 7
43%
Liberia 15
42%
Benin 13
38%
Malawi 11
38%
No matching quizzes found
Score Distribution
Percent of People with Each Score
Percentile by Number Answered
Your Score History
You have not taken this quiz since the last reset